<?xml version="1.0" encoding="UTF-8"?>
<record
    xmlns:xsi="http://www.w3.org/2001/XMLSchema-instance"
    xsi:schemaLocation="http://www.loc.gov/MARC21/slim http://www.loc.gov/standards/marcxml/schema/MARC21slim.xsd"
    xmlns="http://www.loc.gov/MARC21/slim">

  <leader>00810na  a2200277   4500</leader>
  <controlfield tag="001">24127</controlfield>
  <controlfield tag="003">MIRAKIL</controlfield>
  <controlfield tag="005">20181213155330.0</controlfield>
  <controlfield tag="008">180601b        tu            000 0      </controlfield>
  <datafield tag="020" ind1=" " ind2=" ">
    <subfield code="a">9789756448137</subfield>
  </datafield>
  <datafield tag="040" ind1=" " ind2=" ">
    <subfield code="a">Milas</subfield>
    <subfield code="b">tur</subfield>
    <subfield code="c">TR-AnCHP</subfield>
  </datafield>
  <datafield tag="041" ind1=" " ind2=" ">
    <subfield code="a">tur</subfield>
  </datafield>
  <datafield tag="082" ind1=" " ind2=" ">
    <subfield code="a">338.6046</subfield>
    <subfield code="b">D54s 2003</subfield>
  </datafield>
  <datafield tag="090" ind1=" " ind2=" ">
    <subfield code="a">338.6046 D54s 2003</subfield>
  </datafield>
  <datafield tag="100" ind1=" " ind2=" ">
    <subfield code="a">Dikba&#x15F;, Y&#x131;lmaz</subfield>
  </datafield>
  <datafield tag="245" ind1=" " ind2=" ">
    <subfield code="a">Sat&#x131;l&#x131;k vatan</subfield>
    <subfield code="c">Y&#x131;lmaz Dikba&#x15F;</subfield>
  </datafield>
  <datafield tag="260" ind1=" " ind2=" ">
    <subfield code="a">&#x130;stanbul</subfield>
    <subfield code="b">Toplumsal D&#xF6;n&#xFC;&#x15F;&#xFC;m Yay&#x131;nlar&#x131;</subfield>
    <subfield code="c">2003</subfield>
    <subfield code="f">Emre Matbaac&#x131;l&#x131;k</subfield>
  </datafield>
  <datafield tag="300" ind1=" " ind2=" ">
    <subfield code="a">552 s.</subfield>
    <subfield code="c">19 sm.</subfield>
  </datafield>
  <datafield tag="440" ind1=" " ind2=" ">
    <subfield code="a">Toplumsal D&#xF6;n&#xFC;&#x15F;&#xFC;m Yay&#x131;nlar&#x131;</subfield>
    <subfield code="v">216</subfield>
  </datafield>
  <datafield tag="490" ind1=" " ind2=" ">
    <subfield code="a">Ara&#x15F;t&#x131;rma-&#x130;nceleme</subfield>
    <subfield code="v">66</subfield>
  </datafield>
  <datafield tag="504" ind1=" " ind2=" ">
    <subfield code="a">Kaynak&#xE7;a var.</subfield>
  </datafield>
  <datafield tag="650" ind1=" " ind2=" ">
    <subfield code="a">Kamu maliyesi</subfield>
  </datafield>
  <datafield tag="650" ind1=" " ind2=" ">
    <subfield code="a">Kamu &#x130;ktisadi Te&#x15F;ebb&#xFC;sleri (K&#x130;T)</subfield>
  </datafield>
  <datafield tag="650" ind1=" " ind2=" ">
    <subfield code="a">&#xD6;zelle&#x15F;tirme</subfield>
    <subfield code="z">T&#xFC;rkiye</subfield>
  </datafield>
  <datafield tag="942" ind1=" " ind2=" ">
    <subfield code="2">ddc</subfield>
    <subfield code="c">BKS</subfield>
  </datafield>
  <datafield tag="952" ind1=" " ind2=" ">
    <subfield code="a">0001</subfield>
    <subfield code="b">0001</subfield>
    <subfield code="d">2018-06-01</subfield>
    <subfield code="e">2</subfield>
    <subfield code="l">0</subfield>
    <subfield code="o">338.6046 D54s 2003</subfield>
    <subfield code="p">018164</subfield>
    <subfield code="r">2018-06-01 00:00:00</subfield>
    <subfield code="v">0.00</subfield>
    <subfield code="w">2018-06-01</subfield>
    <subfield code="y">BKS</subfield>
  </datafield>
  <datafield tag="999" ind1=" " ind2=" ">
    <subfield code="c">10688</subfield>
    <subfield code="d">10688</subfield>
  </datafield>
</record>
